00423nam a2200157Ia 4500008004100000082001000041100002000051245004000071260000800111300000800119365000600127520002600133630004000159650002600199730004000225100917s9999 xx 000 0 und d b21417 aTayior A. J. P. aThe Origins of the second world war b--- a357 b5 aइंग्रजी aThe Origins of the second world war aइंग्रजी aThe Origins of the second world war